Supersymmetric mechanics:attractor mechanism and space time singularities (Record no. 1212304)

MARC details
000 -LEADER
fixed length control field 01138nam a2200313Ia 4500
003 - CONTROL NUMBER IDENTIFIER
control field OSt
005 - DATE AND TIME OF LATEST TRANSACTION
control field 20221007123655.0
008 - FIXED-LENGTH DATA ELEMENTS--GENERAL INFORMATION
fixed length control field 221006b |||||||| |||| 00| 0 eng d
020 ## - INTERNATIONAL STANDARD BOOK NUMBER
International Standard Book Number 30540341560 (hbd)
037 ## - SOURCE OF ACQUISITION
Terms of availability Textbook
040 ## - CATALOGING SOURCE
Original cataloging agency PAPL
Transcribing agency PAPL
Language of cataloging eng
041 ## - LANGUAGE CODE
Source of code eng
Language code of text/sound track or separate title eng
100 ## - MAIN ENTRY--PERSONAL NAME
Personal name Bellucci Stefano
9 (RLIN) 717575
245 #0 - TITLE STATEMENT
Title Supersymmetric mechanics:attractor mechanism and space time singularities
Remainder of title Ferrara Sergio Marrani Alessio
260 ## - PUBLICATION, DISTRIBUTION, ETC.
Place of publication, distribution, etc. Berlin
Name of publisher, distributor, etc. Springer-Verlag
Date of publication, distribution, etc. 2006
300 ## - PHYSICAL DESCRIPTION
Extent viii,242p.
Dimensions cm.
490 ## - SERIES STATEMENT
Volume/sequential designation v 1
Series statement Lecture notes in physics; 698,701
500 ## - GENERAL NOTE
General note Bibliographical references 235-242p
650 ## - SUBJECT ADDED ENTRY--TOPICAL TERM
Topical term or geographic name entry element Supersymmetric
9 (RLIN) 717576
650 ## - SUBJECT ADDED ENTRY--TOPICAL TERM
Topical term or geographic name entry element Physics
700 ## - ADDED ENTRY--PERSONAL NAME
Personal name Ferrara Sergio
9 (RLIN) 717577
700 ## - ADDED ENTRY--PERSONAL NAME
Personal name Marrani Alessio
9 (RLIN) 717578
942 ## - ADDED ENTRY ELEMENTS (KOHA)
Classification part CN501, P6.1-.2 Carpa
Koha item type Textbook
Source of classification or shelving scheme Colon Classification (CC)
Holdings
Withdrawn status Lost status Source of classification or shelving scheme Damaged status Not for loan Home library Current library Date acquired Source of acquisition Serial Enumeration / chronology Total Checkouts Full call number Barcode Date last seen Price effective from Koha item type
    Colon Classification (CC)     Department of Physics and Astrophysics Library Department of Physics and Astrophysics Library 2022-10-07 1893, 29/03/2007, Unilib Book Distributors v 1   CN501 P6.1-.2 Carpa PA0005918 2022-10-07 2022-10-07 Textbook
Copyright @ Delhi University Library System